Debates sobre transnacionalismo /

Guardado en:
Bibliografiske detaljer
Hovedforfatter: Bobes León, Velia Cecilia
Format: Ukendt
Sprog:Spanish
Udgivet: México: FLACSO
Serier:Documentos de Trabajo Avances de Investigación
Tags: Tilføj Tag
Ingen Tags, Vær først til at tagge denne postø!

MARC

LEADER 00000 a2200000 04500
001 48278
003
008 050704s2012 mx spa d
040
020 |a 978-607-7629-93-1  
090 |a 1001 B663d  
100 |a Bobes León, Velia Cecilia  
245 |a Debates sobre transnacionalismo /   |c Velia Cecilia Bobes León  
260 |a México:   |b FLACSO  
300 |a 113 páginas: gráfico  
440 |a Documentos de Trabajo   |p Avances de Investigación  
999 |c 1655  |d 1655